American General Knowledge by Letter - E - Statistics

General Stats
  • This quiz has been taken 41 times
  • The average score is 13 of 15
Answer Stats
Hint Answer % Correct
National animal of the United States (hint: bald _____) Eagle
100%
New Jersey town named after the inventor of the light bulb Edison
100%
Iconic NYC skyscraper, tallest in the world from 1931-1970 Empire State Building
100%
American writer and poet famous for his poem "The Raven" Edgar Allan Poe
97%
Popular singer and actor in the 1950s who lived in Memphis Elvis Presley
97%
Former immigration island in the Upper Bay, once the busiest in the country Ellis Island
94%
"The Real Slim Shady" Iconic American rapper from Detroit Eminem
91%
National park in Florida known for vast wetlands and alligators Everglades
91%
Famous canal built in 1825 connecting Albany and Buffalo Erie Canal
89%
Major city in Texas on the Mexican border with Ciudad Juárez El Paso
86%
Theme park that is part of Walt Disney World with the "Spaceship Earth" Epcot
83%
River separating Manhattan from Brooklyn East River
74%
Invented the cotton gin in 1793 Eli Whitney
71%
Lively college town home to the University of Oregon Eugene
63%
Famous TV host and comedian who ran a talk show from 2003-2022 Ellen DeGeneres
54%
No matching quizzes found
Score Distribution
Percent of People with Each Score
Percentile by Number Answered
Your Score History
You have not taken this quiz